Responses for Show #3011 - Monday, October 6, 1997

Contestants

[<< previous game]

Ron Gordon, a graduate student from Atlanta, Georgia

James Fraleigh, a senior journal production editor from Hackensack, New Jersey

Kate Rogers, a veterinarian from Seattle, Washington (whose 1-day cash winnings total $12,400)

[next game >>]

Jeopardy! Round responses

SHAKESPEARE LITE
SYMBOLS
THE MARX BROTHERS
EUROPEAN HISTORY
POTENT POTABLES
"SET" 'EM UP
    $100 7
The Taming of the Shrew

Ron
    $100 1
Badges

Kate
    $100 14
Harpo

Kate
    $100 19
Inflation

Ron
    $100 6
Miller

James
    $100 24
(J: What is a sofa?)

Settee

JamesRon
    $200 8
(R: What is "The Winter's Tale?")

Twelfth Night

KateRon
    $500 2
(Alex: By the way, Kirsten was in our celebrity tournament last season; she was one of the teen players.)

a cross

Kate
    $200 16
Captain Spaulding

James
    $200 20
Alexander the Great

Kate
    $200 9
(Ron: What is grenadine?)

crème de menthe

KateRon
    $200 25
("Ready...Set...Go!" could also be an acceptable response)

"On Your Mark!, Get Set!, Go!"

James
    $300 13
Two Gentlemen of Verona

James
    $300 3
Coats-of-arms

Ron
    $300 17
Zeppo

James
    $300 21
France

James
    $300 10
Cold Duck

Triple Stumper
    $300 27
(R: What is a tie-breaker set?)

Set point

Ron
Triple Stumper
    $400 15
As You Like It

James
    $400 4
Fetish

Kate
    $400 18
A Night at the Opera

Ron
    $400 26
Yugoslavia

Ron
    $400 11
Cranberry or grapefruit juice

Kate
    $400 29
[The end-of-round signal sounds.]

Irish settlers

James
    $500 23
(Alex: We have a minute to go.)

The Comedy of Errors

Triple Stumper
    $500 5
Mandala

Kate
    $500 22
The Cocoanuts

James
    $500 28
Papal States

James
    $500 12
(R: What is sauterne?)
(J: What is sherry?)

Port

JamesRon
Triple Stumper

Scores at the first commercial break (after clue 13):

Kate James Ron
$2,300 -$100 -$500

Scores at the end of the Jeopardy! Round:

Kate James Ron
$2,600 $2,600 $200

Double Jeopardy! Round responses

SHAKESPEARE DARK
TAKE ME OUT TO THE BALLPARK
EXPLORERS
MEDICINE
LOANWORDS
B.C. WOMEN
    $200 3
(K: What is "Hamlet?")

Macbeth

KateRon
    $200 22
Tiger Stadium

Ron
    $200 21
Marco Polo

Kate
    $200 1
Blood

James
    $200 13
Hibachi

James
    $200 11
(K: Who is Nefertiri?)
(J: Who is Cleopatra?)

Nefertiti

KateJames
Triple Stumper
    $400 4
King Lear

Kate
    $3,000 27
[The "Green Monster"]
(Ron: What is Royals Stadium?)

Fenway Park

Ron
    $400 23
Ponce de León

James
    $400 2
Charles Lindbergh

James
    $400 15
Yiddish

James
    $400 12
(J: What is the Trojan War?)

Peloponnesian War

James
Triple Stumper
    $2,000 6
Richard III

James
    $600 28
[The end-of-round signal sounds.]

the Metrodome

Kate
    $600 24
(and we have about a minute to go...)

Christopher Columbus

Ron
    $600 5
Antibiotics

James
    $600 16
(R: What is Oz?)

In toto

Ron
Triple Stumper
    $600 14
(K: Who is Ruth?)

Deborah

Kate
Triple Stumper
    $800 7
Hamlet

James
    $800 25
Vitus Bering

Ron
    $800 9
(R: What is chiropractic?)

Podiatry

KateRon
    $800 17
Al dente

Ron
    $800 19
Sappho

James
    $1000 8
Titus Andronicus

Ron
    $1000 26
Samuel de Champlain

Triple Stumper
    $1000 10
MedicAlert

Ron
    $1000 18
Ersatz

James
    $1000 20
Lysistrata

James

Scores at the end of the Double Jeopardy! Round:

Kate James Ron
$3,600 $9,800 $400
(lock game)

[wagering suggestions for these scores]

Final Jeopardy! Round responses

TELEVISION
RonWhat is The Odyssey?
$400
KateWhat is The Odyssey
$2,000
JamesWhat is The Odyssey Hi Tiki
$2,500
The Odyssey

Final scores:

Kate James Ron
$5,600 $12,300 $800
2nd place: a trip to Hotel Melia Don Pepe, Costa del Sol, Spain New champion: $12,300 3rd place: Meade Model 395 telescope

Game dynamics:

Coryat scores:

Kate James Ron
$3,300 $8,400 $3,400
13 R
(including 1 DD),
3 W
21 R
(including 1 DD),
4 W
13 R,
7 W
(including 1 DD)

Combined Coryat: $15,100

[game clues] [game scores] [suggest correction]

Game tape date: Unknown
The J! Archive is created by fans, for fans. Scraping, republication, monetization, and malicious use prohibited; this site may use cookies and collect identifying information. See terms. The Jeopardy! game show and all elements thereof, including but not limited to copyright and trademark thereto, are the property of Jeopardy Productions, Inc. and are protected under law. This website is not affiliated with, sponsored by, or operated by Jeopardy Productions, Inc. Join the discussion at JBoard.tv.